| 000 | 01193nac a22003137a 4500 | ||
|---|---|---|---|
| 001 | BR7702837 | ||
| 003 | BR-BrBNA | ||
| 005 | 20240105114058.0 | ||
| 008 | 230509b bl.|||m| |||| 00| 0 por d | ||
| 040 |
_aBR-BrBNA _bpor _cBiblioteca Nacional de Agricultura |
||
| 072 | _aM40 | ||
| 090 | _a8310 BR7702837 | ||
| 100 | 1 | _aBrisson, S. | |
| 110 | 1 |
_aInstituto de Pesquisas da Marinha, Rio de Janeiro, RJ (Brasil) _96154 |
|
| 245 | 1 | _aEtude de la population de peneides dans la region de Cabo Frio, 3: Observations preliminaires sur les post-larves de crevettes "rosa" et l'hypersalinite en laboratoire et dans le milieu ambiant [Biologia aquatica; Camarao rosa; Laboratorio; Rio de Janeiro; Brasil] | |
| 260 | 3 |
_aRio de Janeiro, RJ (Brasil): _c1977. |
|
| 300 | _a21 p. | ||
| 490 |
_aPublicacao do Instituto de Pesquisas da Marinha (Brazil) _vno. 120 _x |
||
| 500 | _a6 illus.; 19 ref.; Summaries (En, Pt) | ||
| 650 | _aBiologia aquatica | ||
| 650 | _aCamarao rosa | ||
| 650 | _aAgua salgada | ||
| 650 | _aMeio ambiente | ||
| 650 | _aLaboratorio | ||
| 650 | _aCabo Frio | ||
| 650 | _aRio de Janeiro | ||
| 909 |
_a202312 _bLúcia Elande _c55 _dLúcia Elande |
||
| 942 |
_2AGRIS _n0 _cMS |
||
| 999 |
_c267273 _d267273 |
||